| 000 | 00695nam a22002657a 4500 | ||
|---|---|---|---|
| 001 | 28419 | ||
| 003 | UA-OsUOA | ||
| 005 | 20200213203118.0 | ||
| 007 | ta | ||
| 008 | 20050323b un ||||| |||| 00| 0 ukr d | ||
| 020 | _a5824304750 | ||
| 040 |
_aUA-OsUOA _brus _cUA-OsUOA _dUA-OsUOA |
||
| 041 | _arus | ||
| 044 | _aRU | ||
| 080 | _a008:316.73(091) | ||
| 090 |
_a008:316.73(091) _bК78 |
||
| 100 | _aКрёбер Альфред Луис | ||
| 245 | _aИзбраное: природа культуры | ||
| 260 |
_aМ. _bРОССПЭН _c2004 |
||
| 300 | _a1008 с. | ||
| 650 | 7 | _2UDC | |
| 942 |
_cBK _2udc |
||
| 955 | _a0 | ||
| 999 |
_c314786 _d314786 |
||